Statistiques concernant Pokémon commençant par F

Cliquez ici pour prendre le quiz!

Statistiques générales

  • Ce quiz a été pris 1 966 fois
    (133 depuis la dernière actualisation)
  • Le résultat moyen est 26 sur 64

Statistiques - réponses

Réponse% Correct
038Feunard
76%
156Feurisson
71%
092Fantominus
69%
511Feuillajou
69%
215Farfuret
67%
513Flamajou
64%
003Florizarre
64%
514Flamoutan
62%
515Flotajou
60%
516Flotoutan
60%
653Feunnec
56%
669Flabébé
56%
632Fermite
55%
512Feuiloutan
55%
727Félinferno
53%
200Feuforêve
53%
663Flambusard
53%
725Flamiaou
51%
162Fouinar
51%
161Fouinette
51%
547Farfaduvet
49%
671Florges
49%
056Férosinge
47%
670Floette
47%
080Flagadoss
45%
188Floravol
44%
626Frison
44%
607Funécire
44%
259Flobio
42%
885Fantyrm
40%
627Furaiglon
40%
872Frissonille
38%
903Farfurex
36%
813Flambino
36%
911Flâmigator
36%
692Flingouste
36%
642Fulguris
36%
1014Félicanis
35%
205Foretress
35%
987Flotte-Mèche
33%
1016Favianos
31%
549Fragilady
31%
746Froussardine
29%
986Fongus-Furie
27%
984Fort-Ivoire
27%
1015Fortusimia
27%
941Fulgulairo
27%
981Farigiraf
25%
968Ferdeter
25%
860Fourbelin
25%
916Fragroin
25%
925Famignol
24%
754Floramantis
24%
682Fluvetin
24%
959Forgelina
24%
958Forgella
24%
836Fulgudog
24%
918Filentrappe
22%
973Flamenroule
22%
1020Feu-Perçant
20%
957Forgerette
20%
955Flotillon
16%
996Frigodo
16%
970Floréclat
15%

Distribution des résultats

Percentile par nombre de réponses

% des personnes avec chaque résultat

Votre développement - résultats

Vous n’avez pas pris ce quiz depuis la dernière actualisation